1886 1158 1944 1186 1836 1238 1258 1645 1171 1018 1739 1411 1677 1751 1879 1522 1872 1433 1878 1798 1512 1582 1044 1242 1633 1755 1090 1580 1085 1433 1893 1729 1636 1580 1781 1226 1412 1062 1033 1673 1564 1038 1593 1421 1950 1641 1810 1607 1531 1960 1563 1605 1994 1432 1971 1695 1532 1190 1352 1803 1466 1144 1814 1722 1938 1657 1867 1476 1929 1889 1012 1435 1316 1670 1236 1971 1916 1978 1867 1074 1379 1305 1994 1106 1689 1822 1578 1245 1881 1563 1387 1819 1650 1031 1495 1321 1838 1120 1406 BCNSPRNW ULIB Ver.6.0+V

เปลี่ยนเป็นภาษาไทย

Change to English
 แสดงรายละเอียดบรรณานุกรม
  กลับหน้าหลัก

Brief Record : Get Marc (ISO 2709) : E-mail record : QR code < ปิดหน้าต่าง
LEADER : 00000nam 2200000uu 4500
001    13399121871
003     ULIB
008    121212s2551||||th 000 0 tha d
020    ^a9789740322627
050  4 ^aHA29.5^bร242ส
100 0  ^aระพินทร์ โพธิ์ศรี
245 10 ^aสถิติเพื่อการวิจัย =^bStatistics for research /^cระพินทร์โพธิ์ศรี
246 31 ^aStatistics for research
250    ^aพิมพ์ครั้งที่ 2
260    ^aกรุงเทพฯ :^bสำนักพิมพ์แห่งจุฬาลงกรณ์มหาวิทยาลัย,^c2551.
300    ^a292 หน้า :^bภาพประกอบ ;^c26 ซม. +^eซีดี 1 แผ่น
591    ^aLIMS มีฉบับพิมพ์ครั้งที่ 2 ฉบับปรับปรุง ปี 2551 ไม่มี ซีดี
650  4 ^aสถิติ
945    ^p220^l0^i033197
995    ^a เกษร
999    ^aใช้งานได้ทุกระบบ
รายการนี้ยังไม่มีแท็ก
คุณยังไม่ได้ล็อกอิน คุณสามารถมีกิจกรรมร่วมกับเว็บไซต์ได้ แต่ต้องล็อกอินก่อน ::
  ล็อกอิน

รายการสื่อสารสนเทศ

ลำดับที่ ประเภท เลขเรียก/บาร์โค้ด สถานที่ สถานะ
1. วิทยาศาสตร์การแพทย์ และสุขภาพ
หนังสือสำรอง
สถานะ=หนังสือสำรอง
HA29.5 ร242ส ฉ.1 
  Barcode: 033197
ห้องสมุดวิทยาเขตสวรรค์ประชารักษ์
►หนังสือทั่วไป
บนชั้น

รายการใกล้เคียง
    ผู้แต่ง [ระพินทร์ โพธิ์ศรี]

    หัวเรื่อง [สถิติ]

BibComment


ยังไม่เคยถูกคอมเมนท์

คอมเมนท์ทรัพยากรรายการนี้
  คอมเมนท์: สถิติเพื่อการวิจ..


 Copyright 2026. Bcnsprnw @Library